000 00321nam a2200121Ia 4500
008 240731s9999 xx 000 0 und d
022 _a2169-2335
245 0 _aInternational Journal of Philosophy and Theology
260 _bRoutledge
856 _uhttps://www.tandfonline.com/loi/rjpt20
942 _2ddc
942 _cTFEJ
999 _c77197
_d77197
945 _a1
_bMadushi Gamage
_c1
_dMadushi Gamage